Affirmative action, principles of justice, and the evolution of urban theory (Record no. 41180)

000 -LEADER
fixed length control field 01197pab a2200169 454500
008 - FIXED-LENGTH DATA ELEMENTS--GENERAL INFORMATION
fixed length control field 180718b1999 xxu||||| |||| 00| 0 eng d
100 ## - MAIN ENTRY--PERSONAL NAME
Personal name Schumaker, Paul
245 ## - TITLE STATEMENT
Title Affirmative action, principles of justice, and the evolution of urban theory
260 ## - PUBLICATION, DISTRIBUTION, ETC.
Date of publication, distribution, etc. 1999
300 ## - PHYSICAL DESCRIPTION
Extent p.619-40
362 ## - DATES OF PUBLICATION AND/OR SEQUENTIAL DESIGNATION
Dates of publication and/or sequential designation May
520 ## - SUMMARY, ETC.
Summary, etc. Analysis of interviews with 112 elected officials in 12 American cities indicates that their support for affirmative action is more strongly influenced by the justice principles they hold than by the contextual variables normally emphasized by leading urban paradigms. Allegiance to fair equal opportunity and blocking cumulative inequalities enhances support for affirmative action, whereas allegiance to maximizing aggregate utility and retaining market allocations reduces such support. These results suggest that urban paradigms should include the moral principles of participants as well as variables describing the interests that officials represent and the economic, social, political, and cultural contexts that constrain their decisions. - Reproduced
650 ## - SUBJECT ADDED ENTRY--TOPICAL TERM
Topical term or geographic name entry element Urban development
700 ## - ADDED ENTRY--PERSONAL NAME
Personal name Kelly, Marisa
773 ## - HOST ITEM ENTRY
Main entry heading Urban Affairs Review
909 ## -
-- 41180
Holdings
Withdrawn status Lost status Damaged status Not for loan Permanent Location Current Location Date acquired Serial Enumeration / chronology Barcode Date last seen Price effective from Koha item type
        Indian Institute of Public Administration Indian Institute of Public Administration 2018-07-19 Volume no: 34, Issue no: 5 AR41556 2018-07-19 2018-07-19 Articles

Powered by Koha